| 000 -LEADER |
| fixed length control field |
03472 a2200325 4500 |
| 003 - CONTROL NUMBER IDENTIFIER |
| control field |
Nust |
| 005 - DATE AND TIME OF LATEST TRANSACTION |
| control field |
20170207165829.0 |
| 020 ## - INTERNATIONAL STANDARD BOOK NUMBER |
| International Standard Book Number |
123456 |
| 020 ## - INTERNATIONAL STANDARD BOOK NUMBER |
| International Standard Book Number |
9780511610134 (ebook) |
| 035 ## - SYSTEM CONTROL NUMBER |
| System control number |
(EBZ)ebs839416e |
| 035 ## - SYSTEM CONTROL NUMBER |
| System control number |
(EBZ)ebs839416e |
| 035 ## - SYSTEM CONTROL NUMBER |
| System control number |
(WaSeSS)ssj0000145778 |
| 040 ## - CATALOGING SOURCE |
| Transcribing agency |
Nust |
| 082 00 - DEWEY DECIMAL CLASSIFICATION NUMBER |
| Classification number |
338.040973 |
| 100 1# - MAIN ENTRY--PERSONAL NAME |
| Personal name |
Hart, David M.. |
| 245 04 - TITLE STATEMENT |
| Title |
The Emergence of Entrepreneurship Policy (E-Book) |
| Medium |
[Elektronisk resurs] : |
| Remainder of title |
Governance, Start-Ups, and Growth in the U.S. Knowledge Economy / |
| Statement of responsibility, etc. |
Edited by David M. Hart. |
| 260 ## - PUBLICATION, DISTRIBUTION, ETC. |
| Place of publication, distribution, etc. |
Cambridge : |
| Name of publisher, distributor, etc. |
Cambridge University Press, |
| Date of publication, distribution, etc. |
2003 |
| 300 ## - PHYSICAL DESCRIPTION |
| Extent |
1 online resource (308 p.) : |
| Other physical details |
digital, PDF file(s). |
| 505 ## - FORMATTED CONTENTS NOTE |
| Formatted contents note |
1 Entrepreneurship Policy:What It Is and Where It Camefrom (Page-3) David M. Hart 2 Entrepreneurship Policy and the Strategic Management of Places (Page-20) David B. Audretsch 3 Entrepreneurship, Creativity, and Regional Economic Growth (Page-39) Richard Florida part two high-tech entrepreneurship: the university-industry-government connection 4 Start-ups and Spin-offs: Collective Entrepreneurship Between Invention and Innovation (Page-61) Philip E. Auerswald and Lewis M. Branscomb 5 Entrepreneurship and American Research Universities: Evolution in Technology Transfer (Page-92) Maryann P. Feldman 6 America’s Entrepreneurial Universities (Page-113) Nathan Rosenberg part three equity issues in entrepreneurship policy 7 Venture Capital Access: Is Gender an Issue? (Page-141) Candida G. Brush, Nancy M. Carter, Elizabeth Gatewood, Patricia G. Greene, and Myra M. Hart 8 Minority Business Assistance Programs Are Not Designed to Produce Minority Business Development (Page-155) Timothy Bates part four sector-specific issues 9 Understanding Entrepreneurship in the U.S. Biotechnology Industry: Characteristics, Facilitating Factors, and Policy Challenges (Page-175) Andrew A. Toole 10 E-Commerce, Entrepreneurship, and the Law: Reassessing a Relationship (Page-1950 Viktor Mayer-Sch¨onberger 11 Entrepreneurship and Government in Telecommunications (Page-214) Eli M. Noam part five implementing entrepreneurship policy 12 Knowledge, Power, and Entrepreneurs: A First Pass at the Politics of Entrepreneurship Policy (Page-227) David M. Hart 13 Entrepreneurship as a State and Local Economic Development Strategy (Page-240) Erik R. Pages, Doris Freedman, and Patrick Von Bargen Afterword(Page- 260) |
| 538 ## - SYSTEM DETAILS NOTE |
| System details note |
Mode of access: World Wide Web. |
| 650 #0 - SUBJECT ADDED ENTRY--TOPICAL TERM |
| Topical term or geographic name entry element |
Entrepreneurship |
| General subdivision |
Government policy |
| Geographic subdivision |
United States |
| 650 #0 - SUBJECT ADDED ENTRY--TOPICAL TERM |
| Topical term or geographic name entry element |
High technology industries |
| General subdivision |
Government policy |
| Geographic subdivision |
United States |
| 650 #0 - SUBJECT ADDED ENTRY--TOPICAL TERM |
| Topical term or geographic name entry element |
Knowledge management |
| Geographic subdivision |
United States |
| 651 ## - SUBJECT ADDED ENTRY--GEOGRAPHIC NAME |
| Geographic name |
The Emergence of Entrepreneurship Policy E-Book |
| 856 42 - ELECTRONIC LOCATION AND ACCESS |
| Uniform Resource Identifier |
<a href="http://dx.doi.org/10.1017/CBO9780511610134">http://dx.doi.org/10.1017/CBO9780511610134</a> |
| 856 42 - ELECTRONIC LOCATION AND ACCESS |
| Uniform Resource Identifier |
<a href="http://ep.bib.mdh.se/login?url=http://search.ebscohost.com/login.aspx?direct=true&scope=site&db=e000xww&AN=120726">http://ep.bib.mdh.se/login?url=http://search.ebscohost.com/login.aspx?direct=true&scope=site&db=e000xww&AN=120726</a> |
| 856 42 - ELECTRONIC LOCATION AND ACCESS |
| Uniform Resource Identifier |
<a href="http://link.sub.su.se/sfxsub?url_ver=Z39.88-2004&ctx_ver=Z39.88-2004&ctx_enc=info:ofi/enc:UTF-8&rfr_id=info:sid/sfxit.com:opac_856&url_ctx_fmt=info:ofi/fmt:kev:mtx:ctx&sfx.ignore_date_threshold=1&rft.object_id=1000000000353404&svc_val_fmt=info:ofi/fmt:kev:mtx:sch_svc&">http://link.sub.su.se/sfxsub?url_ver=Z39.88-2004&ctx_ver=Z39.88-2004&ctx_enc=info:ofi/enc:UTF-8&rfr_id=info:sid/sfxit.com:opac_856&url_ctx_fmt=info:ofi/fmt:kev:mtx:ctx&sfx.ignore_date_threshold=1&rft.object_id=1000000000353404&svc_val_fmt=info:ofi/fmt:kev:mtx:sch_svc&</a> |
| 856 42 - ELECTRONIC LOCATION AND ACCESS |
| Uniform Resource Identifier |
<a href="http://webproxy.student.hig.se:2048/login?url=http://search.ebscohost.com/login.aspx?direct=true&scope=site&db=nlebk&db=nlabk&AN=120726">http://webproxy.student.hig.se:2048/login?url=http://search.ebscohost.com/login.aspx?direct=true&scope=site&db=nlebk&db=nlabk&AN=120726</a> |
| 856 42 - ELECTRONIC LOCATION AND ACCESS |
| Uniform Resource Identifier |
<a href="https://login.proxy.annalindhbiblioteket.se/login?url=http://search.ebscohost.com/login.aspx?direct=true&scope=site&db=e000xww&AN=120726">https://login.proxy.annalindhbiblioteket.se/login?url=http://search.ebscohost.com/login.aspx?direct=true&scope=site&db=e000xww&AN=120726</a> |
| 942 ## - ADDED ENTRY ELEMENTS (KOHA) |
| Source of classification or shelving scheme |
|
| Koha item type |
Book |